Schaum's outline of theory and problems of computer graphics (Record no. 8113)

000 -LEADER
fixed length control field 00572nam a22002057a 4500
001 - CONTROL NUMBER
control field 8113
003 - CONTROL NUMBER IDENTIFIER
control field BD-DhUET
008 - FIXED-LENGTH DATA ELEMENTS--GENERAL INFORMATION
fixed length control field 150118b xxu||||| |||| 00| 0 eng d
020 ## - INTERNATIONAL STANDARD BOOK NUMBER
International Standard Book Number 0070991537
040 ## - CATALOGING SOURCE
Original cataloging agency DLC
Transcribing agency DLC
Modifying agency BD-DhUET
082 ## - DEWEY DECIMAL CLASSIFICATION NUMBER
Classification number 001.6443
Item number PLA/1996
100 ## - MAIN ENTRY--PERSONAL NAME
Personal name Plastock, Roy A.
245 ## - TITLE STATEMENT
Title Schaum's outline of theory and problems of computer graphics
Statement of responsibility, etc. by Plastock, Roy A
250 ## - EDITION STATEMENT
Edition statement Ist. ed.
260 ## - PUBLICATION, DISTRIBUTION, ETC. (IMPRINT)
Place of publication, distribution, etc. New york
Name of publisher, distributor, etc. McGraw-Hill
Date of publication, distribution, etc. 1986
300 ## - PHYSICAL DESCRIPTION
Extent viii,340p.
Other physical details ill.
650 #0 - SUBJECT ADDED ENTRY--TOPICAL TERM
Topical term or geographic name as entry element Computer graphics, computer
700 ## - ADDED ENTRY--PERSONAL NAME
Personal name Kalley, Gordon
942 ## - ADDED ENTRY ELEMENTS (KOHA)
Koha item type General Book
Holdings
Koha issues (times borrowed) Copy number Koha date last seen Lost status Location (home branch) Price effective from Withdrawn status Koha normalized classification for sorting Piece designation (barcode) Source of classification or shelving scheme Sublocation or collection (holding branch) Damaged status Not for loan Koha item type Date acquired Koha full call number Shelving location Koha date last borrowed
 12016-01-05 Central Library, BUET2015-01-18 001_644300000000000_PLA_199691018 Central Library, BUET  General Book2015-01-18001.6443/PLA/1996Circulation section 
 22015-01-18 Central Library, BUET2015-01-18 001_644300000000000_PLA_199691021 Central Library, BUET  General Book2015-01-18001.6443/PLA/1996Circulation section 
132019-04-08 Central Library, BUET2015-01-18 001_644300000000000_PLA_199691010 Central Library, BUET  General Book2015-01-18001.6443/PLA/1996Circulation section2019-02-24
142022-10-10 Central Library, BUET2015-01-18 001_644300000000000_PLA_199691030 Central Library, BUET  General Book2015-01-18001.6443/PLA/1996Circulation section2022-10-02
 52015-01-18 Central Library, BUET2015-01-18 001_644300000000000_PLA_199691022 Central Library, BUET  General Book2015-01-18001.6443 PLA/1996Circulation section 
 62015-06-06 Central Library, BUET2015-06-06 001_644300000000000_PLA_199691008 Central Library, BUET  Reading Item2015-06-06001.6443/PLA/1996Reading section 
 72015-06-06 Central Library, BUET2015-06-06 001_644300000000000_PLA_199691009 Central Library, BUET  General Book2015-06-06001.6443/PLA/1996Reading section